Quiz sur le Paris SG (par lettre de A à Z) - Statistiques

Statistiques générales
  • Ce quiz a été pris 166 fois
  • Le résultat moyen est 19 sur 24
Statistiques - réponses
Lettre Indice Réponse % Correct
C 2ème meilleur buteur de l'histoire du club Cavani
99%
I "je suis arrivé comme un roi, je repars comme une légende" Ibrahimovic
94%
N Recrue la plus chère de l'histoire du football Neymar
94%
D Allemand qui arrive de Wolfsburg en 2017 Draxler
88%
X Prénom de celui qui est prêté à Leipzig cette saison Xavi
87%
A Espagnol qui est arrivé du Real Madrid cet été Asensio
86%
S Défenseur central qui a gagné la ligue des après son départ Silva
85%
R Numéro 10 lors de la saison 2002-2003 Ronaldinho
84%
T Gardien lors de la Remontada Trapp
83%
W Il remporte le ballon d'or en 1995 Weah
83%
K Seul défenseur à avoir marqué un triplé en ligue des champions Kurzawa
82%
P 5ème meilleur buteur de l'histoire du club avec 109 buts Pauleta
82%
U Il a pris le numéro 4 laissé par Sergio Ramos Ugarte
81%
M Ancien milieu défensif du club qui est aujourd'hui entraîneur Motta
79%
Z Numéro 33 de l'équipe Zaïre-Emery
78%
B Milieu anglais qui a joué seulement 14 matchs au club Beckham
77%
F Latéral Italien prêté au club lors de la saison 2020-2021 Florenzi
77%
G Attaquant formé à Strasbourg qui a joué au PSG entre 2011 et 2013 Gameiro
77%
O Prénom de celui qui a marqué 2 fois face à son ancien club en ligue des champions cette saison Ousmane
77%
J Il arrive du Real Madrid en 2016 comme un jeune prometteur, finalement il ne jouera que 18 matchs et enchaînera les prêts Jesé
70%
L Prénom du numéro 30 lors de la saison où l'entraîneur est Christophe Galtier Lionel
68%
V Joueur qui inscrit le but du 2-1 pour Paris à l'aller et au retour face au FC Barcelone en quart de finale Vitinha
68%
E Attaquant qui n'a pas convaincu au PSG avec seulement 4 buts inscrit lors de la saison 2022-2023 Ekitike
61%
H Il a marqué une panenka face à l'Espagne lors de la coupe du monde 2022 Hakimi
59%
Aucun quiz correspondant
Distribution des résultats
% des personnes avec chaque résultat
Percentile par nombre de réponses
Votre historique - résultats
Vous n’avez pas pris ce quiz